| 000 | 01001cam a2200265 a 4500 | ||
|---|---|---|---|
| 001 | 000006659 | ||
| 005 | 20200929153953.0 | ||
| 008 | 961204r19701970sp b 001 0 spa | ||
| 020 | _a842491483X | ||
| 040 |
_aDO-SdBNP _bspa _cBNPHU |
||
| 082 |
_a860.9 _bA339h, 1970 |
||
| 100 | 1 |
_aAlborg, Juan Luis. _918517 |
|
| 245 | 1 | 0 |
_aHistoria de la literatura española : _bedad media y renacimiento / _cJuan Luis Alborg. |
| 250 | _a2a ed. | ||
| 260 |
_aMadrid : _bGredos, _c1970. |
||
| 300 |
_av. ; _c25 cm. |
||
| 500 | _aSéptima reimpresión de la segunda edición. | ||
| 500 | _aLa biblioteca sólo posee el volumen 1. | ||
| 504 | _aIncluye referencias bibliográficas y notas al pie de las páginas. | ||
| 505 | 0 |
_gVol. 1. _tEdad media y renacimiento. |
|
| 650 | 4 |
_aLiteratura española _xHistoria y crítica _93904 |
|
| 650 | 4 |
_aLiteratura española _ySIGLO XVIII _913698 |
|
| 650 | 4 |
_aLiteratura española _ySIGLO XIX-XX _918518 |
|
| 650 | 4 |
_aLiteratura española _xHistoria y critica _ySIGLO XIX _918519 |
|
| 999 |
_c6449 _d6449 |
||